Регионална библиотека "Любен Каравелов" - Русе

Concerto grosso in G minor for 2 Violins, Cello and String Orchestra, Op. 3, No. 11 (Запис номер 527890)

MARC детайли
000 -Лидер
Лидер 01638njm a2200349 a 4500
003 - Код на организацията, давaща контролен номер
Код на организацията, даваща контролен номер BLK
005 - Дата и час на последна редакция
Дата и час на последна редакция 20250305114403.0
007 - Фиксирано поле за физическо описани
Физическо описание sd bmmalaaahaa
008 - Елементи от данни с фиксирана дължина
Елементи с фиксирана дължина 250305b bu |||||s|||| 00| | bu d
028 ## - PUBLISHER NUMBER
Издателски номер 1 10 1877
040 ## - Източник на каталожния запис
Код на библиотеката BLK
041 ## - Код за език
Език на записа Английски
Език за КДБФ Английски
080 ## - УДК
УДК текст Концерт за струнен оркестър
УДК код 785.6:787.1/.4
УДК – определител (086.72)
УДК – код + определител 785.6:787.1/.4(086.72)
100 1# - Редна дума - Автор
Автор Vivaldi, Antonio
R(LIN) 27390
245 ## - Сведения за заглавието
Заглавие Concerto grosso in G minor for 2 Violins, Cello and String Orchestra, Op. 3, No. 11
Авторска отговорност Antonio Vivaldi ; Cello - Vladimir Jubanek ; Viola - Petr Pilat, Jan Stanovsky, Leopold Liska ; Slovensky Komorny Orchester ; dir. Bohdan Warchal
260 ## - Област на издателските данни
Място на издаване Praha
Име на издателя Supraphon
Година на издаване 1982
9 (RLIN) 210746
300 ## - Физическа характеристика
Брой страници 1 грамофонна плоча 33 об/мин
Илюстрации стерео
Размер 30 см
380 ## - Жанр
Жанр Изкуство
505 ## - Форматирана забележка
Подзаглавни данни Concerto grosso in C minor for String Orchestra, Op. 6, No. 3 / Arcangelo Corelli.
505 ## - Форматирана забележка
Подзаглавни данни Concerto grosso in F major for Strings and Harpsichord, Op. 1, No. 4 / Benedetto Marcello
505 ## - Форматирана забележка
Подзаглавни данни Concerto grosso in G minor for 2 Violins, Viola, Cello, String Orchestra and Harpsichord, Op. 3, No. 2 / Francesco Geminiani
505 ## - Форматирана забележка
Подзаглавни данни Concertino in E flat major for Strings / Giovanni Battista Pergolesi
650 #7 - Допълнително описание по предмет – тема
9 (RLIN) 159299
Предметна рубрика Концерти
700 1# - Други автори (авторска отговорност)
9 (RLIN) 7620
Друг автор Corelli, Arcangelo
700 ## - Други автори (авторска отговорност)
9 (RLIN) 404034
Друг автор Marcello, Benedetto
700 1# - Други автори (авторска отговорност)
9 (RLIN) 10866
Друг автор Geminiani, Francesco
700 1# - Други автори (авторска отговорност)
9 (RLIN) 20964
Друг автор Pergolesi, Giovanni Battista
852 ## - Местоположение
Сигнатура (форматна) Ф ІІ 5626
Отдел Основен фонд - ползва се само за читалня
856 ## - Електронен адрес и достъп
Инструкция (цена за достъп) 0.00
Права за достъп disable
942 ## - АРТИКУЛИ
Вид на библиотечния документ Грамофонни плочи
Скрит в OPAC Не
944 ## - СЪЗДАВАНЕ И РЕДАКЦИЯ на ЗАПИСА
Дата на регистрацията/редакция Геновева Генчева
Служител, извършил регистрацията/редакцията 30560
Статус, дата на статуса Геновева Генчева
Създаване/Редакция
999 ## - СИСТЕМНИ КОНТРОЛНИ НОМЕРА
Koha biblionumber 527890
Koha biblioitemnumber 527890
Наличности
Код за отписване Код за изгубен артикул Източник на класификационната схема Код за повреда Коз за рестрикции Код за отдаване Артикулен № Име на библиотеката - собственик Име на библиотеката, в която се намира в момента Статус (Текущо местоположение) Дата на вписване в системата Местоположение - отдел Цена в лева Инвентарен номер Систематично азбучна сигнатура Баркод Цена в евро Служебен тип на артикула
  Не е изгубен Universal Decimal Classification Не е повреден само за читалня ползва се в читалня 962062 Регионална библиотека "Любен Каравелов" Русе Регионална библиотека "Любен Каравелов" Русе Хранилище 2025-03-05 Основен фонд - ползва се само за читалня 6.00 12961 Ф ІІ 5626 900000114427 3.07 Грамофонни плочи
Vip Innovations Ltd, Rousse, Bulgaria 2025